China's rise and the balance of influence in Asia
Guardado en:
| Otros Autores: | , |
|---|---|
| Formato: | Libro |
| Lenguaje: | inglés |
| Publicado: |
Pittsburg
University of Pittsburgh Press
2007
|
| Colección: | <The> security continuum
|
| Materias: | |
| Etiquetas: |
Sin Etiquetas, Sea el primero en etiquetar este registro!
|
MARC
| LEADER | 00000nam a2200000 4500 | ||
|---|---|---|---|
| 001 | 0199338 | ||
| 005 | 20240315115421.8 | ||
| 020 | |a 978-0-8229-5967-0 | ||
| 020 | |a 0-8229-5967-4 | ||
| 041 | 0 | |a eng | |
| 044 | |a US | ||
| 245 | 1 | 0 | |a China's rise and the balance of influence in Asia |c edited by: William W. Keller and Thomas G. Rawski |
| 264 | 1 | |a Pittsburg |b University of Pittsburgh Press |c 2007 | |
| 300 | |a 284 s. | ||
| 490 | 1 | |a <The> security continuum | |
| 830 | 0 | |a <The> security continuum | |
| 610 | 2 | 0 | |a politika hospodárska |
| 610 | 2 | 0 | |a vzťahy hospodárske medzinárodné |
| 610 | 2 | 0 | |a integrácia ekonomická |
| 610 | 2 | 0 | |a Čína |
| 610 | 2 | 0 | |a Ázia |
| 700 | 1 | |a Keller, William W. | |
| 700 | 1 | |a Rawski, Thomas G. | |